Iran Immigration by Country - Statistics

General Stats
  • This quiz has been taken 147 times
  • The average score is 15 of 20
Answer Stats
# People Country of Origin % Correct
81,481 Iraq
97%
27,061 Pakistan
96%
2,327,332 Afghanistan
95%
1,400 India
95%
2,720 Syria
94%
5,477 Turkey
90%
2,700 Russia
87%
2,358 Armenia
86%
2,410 China
86%
11,442 Azerbaijan
85%
816 Turkmenistan
82%
2,560 Lebanon
80%
720 Yemen
76%
464 Uzbekistan
73%
770 Bangladesh
72%
1,040 Libya
50%
560 Qatar
50%
450 Algeria
49%
2,704 Palestine
41%
510 Ethiopia
37%
No matching quizzes found
Score Distribution
Percent of People with Each Score
Percentile by Number Answered
Your Score History
You have not taken this quiz